000 00933cam a2200229 i 4500
005 20251108175536.0
008 250721s2017 ku gr 000 0 ara d
020 _a9789990605587
041 1 _aara
_heng
082 1 4 _a004.67
_bف ر ي
100 1 _aنوفاك، تورستن فريكه واولريش
_eمؤلف.
240 1 0 _aDie akte google.
245 1 0 _aملف غوغل /
_cنأليف تورستن فريكه، أولريش نوفاك، ا. د. روبرت ابشتاين، د. توماس هوبنر ؛ ترجمة : عدنان عباس علي.
264 1 _aالكويت :
_bالمجلس الوطني للثقافة والفنون،
_c2017.
300 _a291 صفحة.
490 1 _aسلسلة عالم المعرفة ؛
_vرقم 450.
650 1 7 _aالحواسيب.
650 1 7 _aالانترنت.
700 1 _aعلي، عدنان عباس
_eمترجم.
942 _2ddc
_cBK
999 _c136549
_d136549